Catalogue de la Bibliothèque de l'ENSA

Boutures, semis et greffes (notice nᵒ 26931)

détails MARC
000 -LEADER
fixed length control field 00753nam a2200181zi 4500
005 - DATE AND TIME OF LATEST TRANSACTION
control field 20180109083613.0
020 ## - ISBN
ISBN 978-2-03-587179-4
037 ## - SOURCE D'ACQUISITION
Cote BC_702 87
Forme de support Autres
040 ## - SOURCE DU CATALOGAGE
Origine cataloguage BC-ENSA
Langue du catalogage fre
041 ## - CODE DE LANGUE
Langue Français
100 ## - VEDETTE PRINCIPALE - AUTEUR PRINCIPAL
Auteur GOUTIER, Jérôme
245 ## - MENTION DU TITRE
Titre Boutures, semis et greffes
Complément de titre multiplier les plantes, outillage, graines et semis, marcotter des grimpantes, écussonner un rosier, rajeunir un fruitier
Titre partie The propagation specialist
260 ## - PUBLICATION, DIFFUSION, ETC. (ADRESSE BIBLIOGRAPHIQUE)
Lieu d'édition Paris
Nom de l'éditeur Larousse
Année d'édition 2008
300 ## - DESCRIPTION MATÉRIELLE
Nombre de pages 80 p.
Illustration couv. ill. en coul., ill. en coul.
Format 24 cm
562 ## - NOTE D'IDENTIFICATION DES EXEMPLAIRES ET VERSIONS
Numbre d' exemplaire 01 exemplaire
942 ## - ADDED ENTRY ELEMENTS (KOHA)
Type document Ouvrage
653 ## - DESCRIPTEUR LIBRE
Mots clés libres BOUTURE/SEMIS DIRECT/GREFFAGE/MULTIPLICATION DES PLANTES/GRAINE/MARCOTTAGE/PLANTE GRIMPANTE/ROSA/PLANTE FRUITIERE/PRATIQUE CULTURALE
Exemplaires
statut de retrait Statut emplacement permanent Localisation actuelle Cote code à barre Koha type d'élément
    Bibliothèque Centrale Bibliothèque Centrale BC_702 87 BC_702 87 Ouvrage

Adresse: Ecole Nationale Supérieure Agronomique Hassen Badi - El Harrach Alger, Algérie

Tél +213 (0) 23 82 85 07+213 (0) 23 82 85 12 Fax +213 23 82 85 03/04 Courriel: bibliotheque@edu.ensa.dz